les 100 plus gros transferts de Liga Portugal - Statistiques

Statistiques générales
  • Ce quiz a été pris 35 fois
  • Le résultat moyen est 54 sur 100
Statistiques - réponses
Rang Saison Club de départ Club d'arrivée Montant Réponse % Correct
1 19/20 Benfica Atletico Madrid 127 200 000 M Joao Felix
100%
6 23/24 Benfica PSG 65 000 000 M Gonçalo Ramos
96%
5 25/26 Sporting Arsenal 65 800 000 M Viktor Gyokeres
96%
71 23/24 Coventry Sporting 24 000 000 M Viktor Gyokeres
96%
2 22/23 Benfica Chelsea 121 000 000 M Enzo Fernandez
92%
21 22/23 River Plate Benfica 44 250 000 M Enzo Fernandez
92%
11 24/25 Benfica PSG 59 920 000 M Joao Neves
92%
22 22/23 Porto PSG 41 500 000 M Vitinha
92%
44 22/23 Braga Olympique de Marseille 32 000 000 M Vitinha
92%
3 22/23 Benfica Liverpool 85 000 000 M Darwin Nunez
88%
40 20/21 Almeria Benfica 34 000 000 M Darwin Nunez
88%
4 20/21 Benfica Manchester City 71 600 000 M Ruben Dias
88%
32 17/18 Porto Milan 38 000 000 M André Silva
85%
13 25/26 Benfica Real Madrid 50 000 000 M Alvaro Carreras
81%
7 19/20 Sporting Manchester United 65 000 000 M Bruno Fernandes
81%
25 20/21 Porto Wolves 40 000 000 M Fabio Silva
81%
91 17/18 Sporting Leicester 20 500 000 M Adrien Silva
77%
30 22/23 Sporting PSG 38 000 000 M Nuno Mendes
77%
15 19/20 Porto Real Madrid 50 000 000 M Eder Militao
73%
27 12/13 Porto Zenit 40 000 000 M Hulk
73%
9 23/24 Sporting PSG 60 000 000 M Manuel Ugarte
73%
68 21/22 Famalicao Sporting 24 500 000 M Manuel Ugarte
73%
17 22/23 Sporting Wolves 47 400 000 M Matheus Nunes
73%
10 23/24 Porto Al Nassr 60 000 000 M Otavio
73%
41 10/11 Benfica Real Madrid 33 000 000 M Angel Di Maria
69%
19 13/14 Porto AS Monaco 45 000 000 M James Rodriguez
69%
65 10/11 Benfica Chelsea 25 000 000 M David Luiz
65%
48 20/21 Sporting Barcelona 30 940 000 M Francisco Trincao
65%
12 26/27 Sporting Chelsea 50 780 000 M Geovany Quenda
65%
49 16/17 Benfica PSG 30 000 000 M Gonçalo Guedes
65%
16 21/22 Porto Liverpool 49 000 000 M Luis Diaz
65%
34 17/18 Benfica Barcelona 35 700 000 M Nelson Semedo
65%
8 24/25 Porto Manchester City 60 000 000 M Nico Gonzalez
65%
87 23/24 Barcelona Porto 21 200 000 M Nico Gonzalez
65%
29 11/12 Porto Atletico Madrid 40 000 000 M Radamel Falcao
62%
96 18/19 Sporting Lille 20 200 000 M Rafael Leao
62%
38 16/17 Benfica Bayern 35 000 000 M Renato Sanches
62%
89 04/05 Porto Barcelona 21 000 000 M Deco
58%
18 14/15 Porto Manchester City 45 000 000 M Eliaquim Mangala
58%
51 11/12 Benfica Real Madrid 30 000 000 M Fabio Coentrao
58%
20 16/17 Sporting Inter 44 780 000 M Joao Mario
58%
64 13/14 Porto AS Monaco 25 000 000 M Joao Moutinho
58%
52 07/08 Porto Real Madrid 30 000 000 M Pepe
58%
53 04/05 Porto Chelsea 30 000 000 M Ricardo Carvalho
58%
28 12/13 Benfica Zenit 40 000 000 M Axel Witsel
54%
81 18/19 Porto Manchester United 22 000 000 M Diogo Dalot
54%
14 24/25 Porto Al Ahli 50 000 000 M Galeno
54%
58 07/08 Sporting Manchester United 25 500 000 M Nani
54%
88 19/20 Sporting Rennes 21 000 000 M Raphinha
54%
45 15/16 Porto Real Madrid 31 500 000 M Danilo
50%
26 17/18 Benfica Manchester City 40 000 000 M Ederson
50%
42 25/26 Porto Juventus 32 000 000 M Francisco Conceicao
50%
24 23/24 Sporting Tottenham 40 000 000 M Pedro Porro
50%
55 24/25 Benfica Napoli 28 000 000 M David Neres
46%
39 15/16 Porto Atletico Madrid 35 000 000 M Jackson Martinez
46%
66 22/23 Sporting Fulham 24 900 000 M Joao Palhinha
46%
23 24/25 Benfica Al Hilal 40 000 000 M Marcos Leonardo
46%
80 23/24 Santos Benfica 22 000 000 M Marcos Leonardo
46%
82 18/19 Porto Leicester 22 000 000 M Ricardo Pereira
46%
67 08/09 Porto Inter 24 600 000 M Ricardo Quaresma
46%
57 25/26 Palmeiras Benfica 27 000 000 M Richard Rios
46%
37 17/18 Benfica Manchester United 35 000 000 M Victor Lindelof
46%
35 22/23 Porto Arsenal 35 000 000 M Fabio Vieira
42%
47 16/17 Sporting Leicester 31 00 000 M Islam Slimani
42%
74 25/26 Benfica Fenerbahce 22 500 000 M Kerem Akturkoglu
42%
54 23/24 Feyenoord Benfica 29 700 000 M Orkun Kokcu
42%
59 26/27 Benfica Besiktas 25 000 000 M Orkun Kokcu
42%
70 25/26 Sporting Leipzig 24 000 000 M Conrad Harder
38%
33 24/25 Porto Bournemouth 37 000 000 M Evanilson
38%
73 25/26 Union Saint-Gilloise Benfica 22 800 000 M Franjo Ivanovic
38%
83 18/19 Sporting Atletico Madrid 22 000 000 M Gelson Martins
38%
72 09/10 Porto Olympique Lyonnais 24 000 000 M Lisandro Lopez
38%
85 10/11 Benfica Chelsea 22 000 000 M Ramires
38%
46 07/08 Porto Manchester United 31 500 000 M Anderson
35%
77 25/26 Sporting Chelsea 22 270 000 M Dario Essugo
35%
95 25/26 Donetsk Benfica 20 250 000 M Georgiy Sudakov
35%
78 25/26 Almeria Sporting 22 200 000 M Luis Suarez
35%
76 19/20 Benfica Frankfurt 22 340 000 M Luka Jovic
35%
63 13/14 Benfica Chelsea 25 000 000 M Nemanja Matic
35%
86 10/11 Porto Zenit 22 000 000 M Bruno Alves
31%
99 25/26 Sevilla Benfica 20 000 000 M Dodi Lukébakio
31%
79 25/26 Panathinaikos Sporting 22 000 000 M Fotis Ioannidis
31%
69 15/16 Porto Stoke City 24 250 000 M Giannelli Imbula
31%
50 15/16 Benfica Valencia 30 000 000 M Rodrigo
31%
43 24/25 Atletico Madrid Porto 32 000 000 M Samu Omorodion
31%
36 18/19 Portimonense Al Duhail 35 000 000 M Shoya Nakajima
31%
56 15/16 Porto Juventus 28 000 000 M Alex Sandro
27%
90 23/24 Fiorentina Benfica 20 500 000 M Arthur Cabral
27%
97 19/20 Vitoria Guimaraes Bayer Leverkusen 20 200 000 M Edmond Tapsoba
27%
75 19/20 Benfica Espanyol Barcelone 22 500 000 M Raul de Tomas
27%
31 19/20 Benfica Wolves 38 000 000 M Raul Jimenez
27%
84 15/16 Atletico Madrid Benfica 22 000 000 M Raul Jimenez
27%
100 25/26 Copenhague Porto 20 000 000 M Victor Froholdt
27%
94 22/23 Braga Porto 20 280 000 M David Carmo
23%
98 12/13 Porto Manchester City 20 200 000 M Javi Garcia
23%
93 20/21 Sporting Zenit 20 300 000 M Wendel
23%
92 08/09 Porto Chelsea 20 500 000 M Bosingwa
19%
61 14/15 Benfica Valencia 25 000 000 M Enzo Perez
19%
60 16/17 Benfica Atletico Madrid 25 000 000 M Nico Gaitan
19%
62 14/15 Benfica Liverpool 25 000 000 M Lazar Markovic
15%
Aucun quiz correspondant
Distribution des résultats
% des personnes avec chaque résultat
Percentile par nombre de réponses
Votre historique - résultats
Vous n’avez pas pris ce quiz